Cities by suburb: India - Statistics

General Stats
  • This quiz has been taken 34 times
  • The average score is 6 of 11
Answer Stats
Hint Answer % Correct
Anna Nagar, Chrompet, Adyar, Villivakkam Chennai
84%
Jalahalli, Hoodi, Halasuru, Marathahalli Bengaluru
81%
Pimple Saudagar, Phase 3, Pashan Pune
81%
Edappally, Edathala, Thammanam Kochi
61%
Satellite, Piplaj, Shela Ahmedabad
55%
Khatipura, Raja Park, Model Town, Sindhi Camp Jaipur
55%
Hingna, Itwari, Sadar, Wadi Nagpur
55%
Chinhat, Bangla Bazar, Transport Nagar Lucknow
52%
Sewla Jatt, Sikandra, Kamla Nagar Agra
42%
Sector A, Scheme 71, Musakhedi Indore
39%
Thinamani Nagar, Sellur, Guru Nagar Madurai
29%
No matching quizzes found
Score Distribution
Percent of People with Each Score
Percentile by Number Answered
Your Score History
You have not taken this quiz